Normal view
MARC view
- Allama Waheed-Uz-Zaman
Entry Personal Name
001 - CONTROL NUMBER
- control field: 28217
003 - CONTROL NUMBER IDENTIFIER
- control field: NUST
005 - DATE AND TIME OF LATEST TRANSACTION
- control field: 20200130152807.0
008 - FIXED-LENGTH DATA ELEMENTS
- fixed length control field: 200130|| aca||aabn | a|a d
040 ## - CATALOGING SOURCE
- Original cataloging agency: NUST
- Transcribing agency: NUST
100 ## - HEADING--PERSONAL NAME
- Personal name: Allama Waheed-Uz-Zaman
670 ## - SOURCE DATA FOUND
- Source citation: Work cat.: (NUST): Allama Waheed-Uz-Zaman, Sahih Muslim Shareef Mah Mukhtasar ....../ Vol - 1 -3, c2006
